000 00636nam a2200205 i 4500
001 129487
003 ES-MaACL
005 20250903022026.0
007 t|
008 070620s1961 sp ||||1| spa d
080 _a330.115(04)
100 1 _aTheil, Henri.
_9109889
245 1 0 _aAgregación lineal de relaciones económicas /
_cH. Theil ; traducción del inglés por Héctor Correa.
260 _aMadrid :
_bAguilar,
_c1959.
300 _aX, 223 p. :
_bil. ;
_c23 cm.
650 1 7 _aEconomía matemática
_2embne
_912034
700 1 _aCorrea, Héctor.
_940747
852 _aES-MaACL
_jC-16470
_bR.44765
999 _c129487
_d129487